US States Containing Hidden Words - Statistics

General Stats
  • This quiz has been taken 70 times
  • The average score is 13 of 21
Answer Stats
Hint Answer % Correct
TEN Tennessee
97%
ILL Illinois
87%
MIC Michigan
82%
SIP Mississippi
79%
FOR California
77%
INN Minnesota
76%
RID Florida
74%
HAW Hawaii
68%
SIN Wisconsin
68%
MAR Maryland
66%
EGO Oregon
66%
ASH Washington
65%
LAB Alabama
63%
ODE Rhode Island
61%
OUR Missouri
53%
TAN Montana
53%
WAR Delaware
50%
TIC Connecticut
47%
USE Massachusetts
40%
IRE New Hampshire
29%
VAN Pennsylvania
29%
No matching quizzes found
Score Distribution
Percent of People with Each Score
Percentile by Number Answered
Your Score History
You have not taken this quiz